| 000 | 01085cam a22003373a 4500 | ||
|---|---|---|---|
| 001 | 21714 | ||
| 003 | PGUSA | ||
| 005 | 20140828083449.0 | ||
| 008 | 070607s2007||||xxu|||||s|||||000 1 eng d | ||
| 040 |
_aPGUSA _beng |
||
| 042 | _adc | ||
| 050 | 4 | _aPZ | |
| 100 | 1 |
_aBallantyne, R. M. _q(Robert Michael), _d1825-1894 |
|
| 245 | 1 | 4 |
_aThe Red Eric _h[electronic resource] / _cR. M. Ballantyne |
| 260 |
_bProject Gutenberg, _c2007 |
||
| 506 | _aPublic domain in the USA. | ||
| 516 | _aElectronic text | ||
| 653 | _aAdventure and adventurers -- Juvenile fiction | ||
| 653 | _aWhaling -- Juvenile fiction | ||
| 653 | _aChristian life -- Juvenile fiction | ||
| 653 | _aIslands -- Juvenile fiction | ||
| 653 | _aSlave trade -- Juvenile fiction | ||
| 653 | _aRobinsonades | ||
| 653 | _aMutiny -- Juvenile fiction | ||
| 653 | _aShip captains -- Juvenile fiction | ||
| 653 | _aWhalers (Persons) -- Juvenile fiction | ||
| 653 | _aShipwreck survival -- Juvenile fiction | ||
| 830 | 0 |
_aProject Gutenberg _v21714 |
|
| 856 | 4 | 0 | _uhttp://www.gutenberg.org/ebooks/21714 |
| 942 | _cEB | ||
| 999 |
_c250969 _d250969 |
||